<?xml version="1.0" encoding="UTF-8"?>
<collection xmlns="http://www.loc.gov/MARC21/slim">
 <record>
  <leader>05078nam a22005535i 4500</leader>
  <controlfield tag="001">978-90-481-2921-8</controlfield>
  <controlfield tag="003">DE-He213</controlfield>
  <controlfield tag="005">20210616030126.0</controlfield>
  <controlfield tag="007">cr nn 008mamaa</controlfield>
  <controlfield tag="008">140905s2014    ne |    s    |||| 0|eng d</controlfield>
  <datafield tag="020" ind1=" " ind2=" ">
   <subfield code="a">9789048129218</subfield>
   <subfield code="9">978-90-481-2921-8</subfield>
  </datafield>
  <datafield tag="024" ind1="7" ind2=" ">
   <subfield code="a">10.1007/978-90-481-2921-8</subfield>
   <subfield code="2">doi</subfield>
  </datafield>
  <datafield tag="050" ind1=" " ind2="4">
   <subfield code="a">B5000-5289.2</subfield>
  </datafield>
  <datafield tag="072" ind1=" " ind2="7">
   <subfield code="a">HPD</subfield>
   <subfield code="2">bicssc</subfield>
  </datafield>
  <datafield tag="072" ind1=" " ind2="7">
   <subfield code="a">PHI003000</subfield>
   <subfield code="2">bisacsh</subfield>
  </datafield>
  <datafield tag="072" ind1=" " ind2="7">
   <subfield code="a">QDH</subfield>
   <subfield code="2">thema</subfield>
  </datafield>
  <datafield tag="082" ind1="0" ind2="4">
   <subfield code="a">181</subfield>
   <subfield code="2">23</subfield>
  </datafield>
  <datafield tag="245" ind1="1" ind2="0">
   <subfield code="a">Dao Companion to Japanese Confucian Philosophy</subfield>
   <subfield code="h">[electronic resource] /</subfield>
   <subfield code="c">edited by Chun-chieh Huang, John Allen Tucker.</subfield>
  </datafield>
  <datafield tag="250" ind1=" " ind2=" ">
   <subfield code="a">1st ed. 2014.</subfield>
  </datafield>
  <datafield tag="264" ind1=" " ind2="1">
   <subfield code="a">Dordrecht :</subfield>
   <subfield code="b">Springer Netherlands :</subfield>
   <subfield code="b">Imprint: Springer,</subfield>
   <subfield code="c">2014.</subfield>
  </datafield>
  <datafield tag="300" ind1=" " ind2=" ">
   <subfield code="a">XI, 429 p.</subfield>
   <subfield code="b">online resource.</subfield>
  </datafield>
  <datafield tag="336" ind1=" " ind2=" ">
   <subfield code="a">text</subfield>
   <subfield code="b">txt</subfield>
   <subfield code="2">rdacontent</subfield>
  </datafield>
  <datafield tag="337" ind1=" " ind2=" ">
   <subfield code="a">computer</subfield>
   <subfield code="b">c</subfield>
   <subfield code="2">rdamedia</subfield>
  </datafield>
  <datafield tag="338" ind1=" " ind2=" ">
   <subfield code="a">online resource</subfield>
   <subfield code="b">cr</subfield>
   <subfield code="2">rdacarrier</subfield>
  </datafield>
  <datafield tag="347" ind1=" " ind2=" ">
   <subfield code="a">text file</subfield>
   <subfield code="b">PDF</subfield>
   <subfield code="2">rda</subfield>
  </datafield>
  <datafield tag="490" ind1="1" ind2=" ">
   <subfield code="a">Dao Companions to Chinese Philosophy,</subfield>
   <subfield code="x">2211-0275 ;</subfield>
   <subfield code="v">5</subfield>
  </datafield>
  <datafield tag="505" ind1="0" ind2=" ">
   <subfield code="a">Chapter 1: Introduction; Huang Chun-chieh and John Allen Tucker -- Chapter 2: The Meanings of Words and Confucian Political Philosophy: A Study of Matsunaga Sekigo’s Ethics; John Allen Tucker -- Chapter 3: Spirits, Gods, and Heaven in Confucian Thought; W. J. Boot -- Chapter 4: Making Destiny in the Kingdom of Ryuku; Gregory Smits -- Chapter 5: The Somaticization of Learning in Edo Confucianism: The Rejection of Mind-Body Dualism in the Thought of Kaibara Ekken; Tsujimoto Masashi (translated by Barry D. Steben) -- Chapter 6: Ogyū Sorai: Confucian Conservative Reformer: From Journey to Kai to Discourse on Government; Olof G. Lidin -- Chapter 7: The Philosophical Moment Between Ogyū Sorai and Kaiho Seiryō: Indigenous Modernity in the Political Theories of Eighteenth-Century Japan? Olivier Ansart -- Chapter 8: Human Nature and the Way in the Philosophy of Dazai Shundai; Peter Flueckiger -- Chapter 9: Kokugaku Critiques of Confucianism and Chinese Culture; Peter Nosco -- Chapter 10: Saints as Sinners: Andō Shōeki’s Back-to-Nature Critique of the Saints, Confucian and Otherwise; Jacques Joly -- Chapter 11: Moral and Philosophical Idealism in Late-Edo Confucian Thought: Ōshio Chūsai and the Working Out of his “Great Aspiration”; Barry D. Steben -- Chapter 12: Divination and Meiji Politics: A Reading of Takashima Kaemon’s Judgment on the Yijing; Wai-Ming Ng -- Chapter 13: “Orthodoxy” and “Legitimacy” in the Yamazaki Ansai School; Maruyama Masao (translated by Barry D. Steben) -- Chapter 14: Zhu Xi and “Zhu Xi-ism:” Toward a Critical Perspective on the Ansai School; Koyasu Nobukuni (translated by Barry D. Steben).</subfield>
  </datafield>
  <datafield tag="520" ind1=" " ind2=" ">
   <subfield code="a">This volume features in-depth philosophical analyses of major Japanese Confucian philosophers as well as themes and topics addressed in their writings. Its main historical focus is the early-modern period (1600-1868), when much original Confucian philosophizing occurred. Written by scholars from the United States, Canada, Europe, Australia, Japan, and China and eclectic in methodology and disciplinary approach, this anthology seeks to advance new multidimensional studies of Japanese Confucian philosophy for English language readers. It presents essays that focus on Japanese Confucianism, while including topics related to Buddhism, Shintō, Nativism, and even Andō Shōeki 安藤昌益 (1703-1762), one of the most vehement critics of Confucianism in all of East Asia. The book builds on the premise that Japanese Confucian philosophy consists in the ongoing engagement in critical, self-reflective discussions of and speculative theorizing about ethics, epistemology, metaphysics, political theory, and spiritual problems, as well as aesthetics, cosmology, and ontology.</subfield>
  </datafield>
  <datafield tag="650" ind1=" " ind2="0">
   <subfield code="a">Philosophy, Asian.</subfield>
  </datafield>
  <datafield tag="650" ind1=" " ind2="0">
   <subfield code="a">Religion.</subfield>
  </datafield>
  <datafield tag="650" ind1=" " ind2="0">
   <subfield code="a">Religion—Philosophy.</subfield>
  </datafield>
  <datafield tag="650" ind1=" " ind2="0">
   <subfield code="a">Culture—Study and teaching.</subfield>
  </datafield>
  <datafield tag="650" ind1="1" ind2="4">
   <subfield code="a">Non-Western Philosophy.</subfield>
   <subfield code="0">https://scigraph.springernature.com/ontologies/product-market-codes/E44060</subfield>
  </datafield>
  <datafield tag="650" ind1="2" ind2="4">
   <subfield code="a">Religious Studies, general.</subfield>
   <subfield code="0">https://scigraph.springernature.com/ontologies/product-market-codes/1A0000</subfield>
  </datafield>
  <datafield tag="650" ind1="2" ind2="4">
   <subfield code="a">Philosophy of Religion.</subfield>
   <subfield code="0">https://scigraph.springernature.com/ontologies/product-market-codes/E33000</subfield>
  </datafield>
  <datafield tag="650" ind1="2" ind2="4">
   <subfield code="a">Regional and Cultural Studies.</subfield>
   <subfield code="0">https://scigraph.springernature.com/ontologies/product-market-codes/411000</subfield>
  </datafield>
  <datafield tag="700" ind1="1" ind2=" ">
   <subfield code="a">Huang, Chun-chieh.</subfield>
   <subfield code="e">editor.</subfield>
   <subfield code="4">edt</subfield>
   <subfield code="4">http://id.loc.gov/vocabulary/relators/edt</subfield>
  </datafield>
  <datafield tag="700" ind1="1" ind2=" ">
   <subfield code="a">Tucker, John Allen.</subfield>
   <subfield code="e">editor.</subfield>
   <subfield code="4">edt</subfield>
   <subfield code="4">http://id.loc.gov/vocabulary/relators/edt</subfield>
  </datafield>
  <datafield tag="710" ind1="2" ind2=" ">
   <subfield code="a">SpringerLink (Online service)</subfield>
  </datafield>
  <datafield tag="773" ind1="0" ind2=" ">
   <subfield code="t">Springer Nature eBook</subfield>
  </datafield>
  <datafield tag="776" ind1="0" ind2="8">
   <subfield code="i">Printed edition:</subfield>
   <subfield code="z">9789048129225</subfield>
  </datafield>
  <datafield tag="776" ind1="0" ind2="8">
   <subfield code="i">Printed edition:</subfield>
   <subfield code="z">9789048129201</subfield>
  </datafield>
  <datafield tag="776" ind1="0" ind2="8">
   <subfield code="i">Printed edition:</subfield>
   <subfield code="z">9789401777087</subfield>
  </datafield>
  <datafield tag="830" ind1=" " ind2="0">
   <subfield code="a">Dao Companions to Chinese Philosophy,</subfield>
   <subfield code="x">2211-0275 ;</subfield>
   <subfield code="v">5</subfield>
  </datafield>
  <datafield tag="856" ind1="4" ind2="0">
   <subfield code="u">https://doi.org/10.1007/978-90-481-2921-8</subfield>
  </datafield>
  <datafield tag="912" ind1=" " ind2=" ">
   <subfield code="a">ZDB-2-SHU</subfield>
  </datafield>
  <datafield tag="912" ind1=" " ind2=" ">
   <subfield code="a">ZDB-2-SXPR</subfield>
  </datafield>
  <datafield tag="950" ind1=" " ind2=" ">
   <subfield code="a">Humanities, Social Sciences and Law (SpringerNature-11648)</subfield>
  </datafield>
  <datafield tag="950" ind1=" " ind2=" ">
   <subfield code="a">Philosophy and Religion (R0) (SpringerNature-43725)</subfield>
  </datafield>
 </record>
</collection>
